000 01108nam a2200253 a 4500
001 75455
003 BD-RjUL
005 20211209082708.0
008 190410s2017 bg a|||| bm|| 00| 0 eng d
035 _a(BD-RjUL)75673
040 _aBD-RjUL
_beng
_cBD-RjUL
_dBD-RjUL
041 _aeng
082 _223
_a571.9722
_bHOD 2017
100 1 _aHossain, Mohammed Ismail
_9230381
245 1 0 _a"Demographical and Biological studies on Mangifera Indica, Litchi Chinensis and Parthenium Hysterophorus Pollen Allergen" /
_cMohammed Ismail Hossain ;
_6Supervisor: Mohammad Amirul Islam ; Co-Supervisor: Ranajit Kumar Shaha
260 _aRajshahi :
_bDepartment of Biochemistry and Molecular Biology, University of Rajshahi,
_c2017
300 _axix, 178 Leaves :
_bIll. ;
_c30 cm.
502 _aThesis (Ph. D.) -- Department of Biochemistry and Molecular Biology, University of Rajshahi, 2017
504 _aReferences: Leaves 162-174
650 _aPollen
_vAllergenicity
_9230386
700 _aIslam, Mohammad Amirul, Supervisor
_9230382
700 _aShaha, Ranajit Kumar, Co-Supervisor
_9230383
942 _2ddc
_cTHE
999 _c75455
_d75455